County Offaly Quiz - Statistics

General Stats
  • This quiz has been taken 8 times
  • The average score is 11 of 20
Answer Stats
Hint Answer % Correct
County town of Offaly Tullamore
100%
Province Offaly is in Leinster
83%
American president with ancestors who lived in the village of Moneygall Barack Obama
67%
Castle with the tallest treehouse in Ireland Birr Castle
67%
Bordering counties Galway
67%
Bordering counties Kildare
67%
Bordering counties Laois
67%
Bordering counties Meath
67%
Golfer from the town of Clara Shane Lowry
67%
Mountains on the border of Offaly Slieve Bloom Mountains
67%
Bordering counties Tipperary
67%
Popular type of whiskey made in the county town Tullamore D.E.W.
67%
Bordering counties Westmeath
67%
Castle near the southwest border that is also supposed to be haunted Leap Castle
50%
Hill associated with Irish mythology, St Patrick and St Brigid Croghan Hill
33%
Nickname for Offaly Faithful County
33%
Former name of County Offaly King's County
33%
Bordering counties Roscommon
33%
Tallest mountain in the above (also on the border) Arderin
17%
Castle in the county town that is supposed to be haunted Charleville Castle
17%
No matching quizzes found
Score Distribution
Percent of People with Each Score
Percentile by Number Answered
Your Score History
You have not taken this quiz